Statistics for African Cities by Country Map Quiz

Click here to take the quiz!

General Stats

  • This quiz has been taken 1,985 times
  • The average score is 38 of 54

Answers on the Map

Answers color-coded by a green-red scale on the quiz's map according to % correct below.
 

Answer Stats

Answer% Correct
Egypt
96%
Tunisia
89%
Djibouti
86%
Madagascar
84%
Libya
83%
Morocco
83%
Chad
80%
South Sudan
80%
Tanzania
80%
Sao Tome & Principe
79%
South Africa
79%
Senegal
78%
Eritrea
77%
Uganda
77%
Mozambique
76%
Niger
76%
Congo (Rep. of)
75%
Mali
75%
Zimbabwe
75%
Botswana
74%
Burkina Faso
74%
Guinea-Bissau
74%
Kenya
74%
Rwanda
74%
Burundi
72%
Togo
72%
Algeria
71%
Cape Verde
71%
Sierra Leone
70%
Swaziland
70%
Zambia
70%
Mauritius
69%
Gambia
68%
Liberia
68%
Seychelles
67%
Gabon
66%
Guinea
66%
Comoros
65%
Equatorial Guinea
65%
Cameroon
61%
Congo (Dem. Rep.)
61%
Benin
60%
Nigeria
60%
Ethiopia
59%
Mauritania
59%
Somalia
59%
Sudan
59%
Namibia
58%
Ghana
55%
Angola
54%
Malawi
54%
Central African Republic
53%
Cote d'Ivoire
53%
Lesotho
51%

Score Distribution

Percentile by Number Answered

Percent of People with Each Score

Your Score History

You have not taken this quiz